Applications for distributed systems and network management (Record no. 5341)
[ view plain ]
| 000 -LEADER | |
|---|---|
| fixed length control field | 00593 a2200157 4500 |
| 020 ## - INTERNATIONAL STANDARD BOOK NUMBER | |
| International Standard Book Number | 0-471-28639-7 |
| 082 ## - DEWEY DECIMAL CLASSIFICATION NUMBER | |
| Classification number | 004.36 |
| 100 ## - MAIN ENTRY--PERSONAL NAME | |
| Personal name | Kornel Terplan |
| 245 ## - TITLE STATEMENT | |
| Title | Applications for distributed systems and network management |
| Statement of responsibility, etc. | Kornel Terplan |
| 260 ## - PUBLICATION, DISTRIBUTION, ETC. | |
| Place of publication, distribution, etc. | New York : |
| Name of publisher, distributor, etc. | John Wiley & Sons Inc., |
| Date of publication, distribution, etc. | c1997. |
| 300 ## - PHYSICAL DESCRIPTION | |
| Extent | x, 390 p. : |
| Other physical details | ill. ; |
| Dimensions | 24 cm. |
| 500 ## - GENERAL NOTE | |
| General note | Includes bibliographical references and index |
| 650 ## - SUBJECT ADDED ENTRY--TOPICAL TERM | |
| Topical term or geographic name entry element | 1.Electronic data processing--Distributed processing.2.Client/server computing. 3.Computer networks--Management. |
| 700 ## - ADDED ENTRY--PERSONAL NAME | |
| Personal name | Jill Huntington-Lee |
| 942 ## - ADDED ENTRY ELEMENTS (KOHA) | |
| Koha item type | Book |
| Call number prefix | 004.36 TER |
| Withdrawn status | Lost status | Damaged status | Not for loan | Collection code | Permanent Location | Current Location | Shelving location | Date acquired | Source of acquisition | Total Checkouts | Full call number | Barcode | Date last seen | Price effective from | Koha item type |
|---|---|---|---|---|---|---|---|---|---|---|---|---|---|---|---|
| Central Library (CL) | Central Library (CL) | First Floor - Data Communication/Network/Architecture | 12/09/2000 | Donation | 004.36 TER | SEECS000731 | 01/14/2019 | 01/05/2017 | Book |
